[Event "Begonia op 54th"]
[Site "Ballarat"]
[Date "2020.03.08"]
[Round "4"]
[White "Ilic, Nicholas"]
[Black "Van Sebille, Sulia"]
[Result "1-0"]
[WhiteElo "1949"]
[BlackElo "1635"]
[PlyCount "33"]
[EventDate "2020.03.07"]
[EventType "swiss"]
[EventRounds "7"]
[EventCountry "AUS"]
[SourceTitle "EXT 2021"]
[Source "ChessBase"]
[SourceDate "2020.10.23"]
[SourceVersion "1"]
[SourceVersionDate "2020.10.23"]
[SourceQuality "1"]

1. e4 e5 2. Nf3 Nc6 3. Bb5 a6 4. Ba4 Nf6 5. 0-0 Be7 6. Re1 b5 7. Bb3 0-0 8. h3 Bb7 9. d3 d5 10. exd5 Nxd5 11. Nbd2 Qd7 12. Nf1 Rae8 13. c3 Bc5 14. Ng3 Bb6 15. Nh4 b4 16. Nhf5 bxc3 17. Qg4 1-0

[Event "AUS-ch Major"]
[Site "Sydney"]
[Date "2020.01.05"]
[Round "4"]
[White "Seng, Lue Che"]
[Black "Van Sebille, Sulia"]
[Result "1/2-1/2"]
[WhiteElo "1191"]
[BlackElo "1557"]
[PlyCount "97"]
[EventDate "2020.01.02"]
[EventType "swiss"]
[EventRounds "11"]
[EventCountry "AUS"]
[SourceTitle "EXT 2021"]
[Source "ChessBase"]
[SourceDate "2020.10.23"]
[SourceVersion "1"]
[SourceVersionDate "2020.10.23"]
[SourceQuality "1"]

1. e4 e5 2. Nf3 Nc6 3. d4 exd4 4. Bc4 Nf6 5. e5 d5 6. Bb5 Ne4 7. Nxd4 Bd7 8. Bxc6 bxc6 9. 0-0 Bc5 10. f3 Ng5 11. Be3 0-0 12. f4 Ne4 13. Nd2 Nxd2 14. Qxd2 Bb6 15. Nb3 Qe7 16. Qc3 f6 17. Kh1 Rae8 18. Bc5 Bxc5 19. Nxc5 fxe5 20. fxe5 Rf5 21. Rxf5 Bxf5 22. Re1 Qg5 23. h3 Qg6 24. Re2 Qh5 25. Qe3 d4 26. Qb3+ Kh8 27. Re1 Bc8 28. Qg3 Qf5 29. Nd3 Ba6 30. Qf3 Qg6 31. Qe4 Bxd3 32. cxd3 Qg3 33. e6 Qd6 34. e7 Kg8 35. Kg1 Qf6 36. Qe6+ Qxe6 37. Rxe6 Kf7 38. Rxc6 Rxe7 39. Rc4 Rd7 40. Kf2 Ke6 41. Rc5 Rf7+ 42. Ke2 Kd6 43. Ra5 c5 44. Rb5 Kc6 45. Rb8 Re7+ 46. Kd2 Rd7 47. Re8 Kd5 48. b3 Rf7 49. Re2 1/2-1/2

[Event "AUS-ch Major"]
[Site "Sydney"]
[Date "2020.01.03"]
[Round "2"]
[White "Davis, Tony J"]
[Black "Van Sebille, Sulia"]
[Result "1-0"]
[WhiteElo "1858"]
[BlackElo "1557"]
[PlyCount "59"]
[EventDate "2020.01.02"]
[EventType "swiss"]
[EventRounds "11"]
[EventCountry "AUS"]
[SourceTitle "EXT 2021"]
[Source "ChessBase"]
[SourceDate "2020.10.23"]
[SourceVersion "1"]
[SourceVersionDate "2020.10.23"]
[SourceQuality "1"]

1. d4 Nf6 2. Bg5 g6 3. Bxf6 exf6 4. c4 d5 5. e3 dxc4 6. Bxc4 Bd6 7. Nc3 c6 8. Qb3 0-0 9. h4 h5 10. 0-0-0 Nd7 11. Nh3 Nb6 12. Bd3 Be6 13. Qc2 Kg7 14. Kb1 Re8 15. e4 Bc4 16. Bxc4 Nxc4 17. e5 Be7 18. Ne4 b5 19. Nf4 fxe5 20. dxe5 Qc7 21. Nd3 Nxe5 22. Qc3 f6 23. Ndc5 Kf7 24. f4 Nc4 25. Qh3 f5 26. Rd7 Qxf4 27. Ng5+ Kg8 28. Re1 Ne5 29. Nce6 Qf2 30. Rxe5 1-0